01126ngm a2200313 i 450000500170000000700030001700800570002002000150007704000350009204100080012708200180013511000290015324500720018225000220025426400350027630000540031133600570036533700230042233800310044549000220047649000160049849000220051450500430053652000850057952100370066465000570070165000280075865000260078620220317000150.0ta000030c2005 ck m g spa d spa a9588107490 aCO-BoRNBPbspacCO-BoRNBPerda0 aspa04a550bD37t2232 aDiscovery Communications10aTodo sobre la tierracDiscovery Communicationshvideodisco digital  aPrimera edición 1aBogotábMS Tv & Videosc2005 a1 DVD (30 minutos)bsonido, color, digitalc19 cm aimagen en movimiento bidimensional btdi2rdacontent avideobv2rdamedia avideodiscobvd2rdacarrier0 aDiscovery Channel0 aEducación0 aEstudios sociales1 aVolcanes -- Magnetismo -- Computadores3 aAprenda el impacto de los volcanes, computadores y magnetismo sobre la humanidad aRecomendado desde los 15 años17aDesarrollo científico y tecnológicovDVD2ARMARC17aMagnetismovDVD2ARMARC17aVolcanesvDVD2ARMARC